01030cam a2200253 i 4500001001100000003000700011005001700018008004100035020002800076040002700104042000900131245017300140246011600313246004100429246005300470250001100523260007600534300004700610610003700657650002500694650002200719650001900741700001600760.b28222295YEEZEN20250711153224.0240619s2023 ch ah e 000 0cchi d a9789869221733q(平裝) aTWFJUbchieccrcTWFJU anbic00a驚蟄 :學術的桂冠 不一樣的江湖 卓越與共好b長庚醫院創始的足跡與淬鍊 : 學術的桂冠 不一樣的江湖 卓越與共好 /c簡榮南主編1 i版權頁副題名:a長庚醫院創始的足跡與淬鍊 :b學術的桂冠.不一樣的江湖.卓越與共好30a長庚醫院創始的足跡與淬鍊30a學術的桂冠不一樣的江湖卓越與共好 a初版 a桃園市 :b長庚醫療財團法人林口長庚紀念醫院,c2023.11 a265面 :b部分彩圖, 書影 ;c23公分27a林口長庚紀念醫院2lcstt. 7a口述歷史2lcstt. 7a人物志2lcstt. 7a訪談2lcstt.1 a簡, 榮南